000 01138nam a2200301 a 4500
001 000027712
003 DO-SdBNP
005 20231121093816.0
008 110404s1999 dr bce 000 0 spa d
040 _aDO-SdBNP
_bspa
_cBNPHU
082 4 _a361.6
_bP969r
_222
245 0 0 _aProyecto resure /
_cpresentación Mercedes Sabater de Macarrulla, Pablo Oberti.
246 1 4 _aResure :
_bun proyecto contra la pobreza
260 _a[Santo Domingo] :
_bCONAU,
_c1999.
300 _a139 p. :
_bmapas, planos, retrs. ;
_c21 cm.
490 0 _aInforme
_v3
590 _aInventariado, 2018/ YL
650 4 _aDesarrollo social
_xRepública dominicana
_954783
650 4 _aDesarrollo urbano
_zRepública Dominicana
_92417
650 4 _aViviendas
_zRepública Dominicana
_97170
651 4 _aRepública Dominicana
_xCondiciones económicas
_9281
651 4 _aRepública Dominicana
_xCondiciones sociales
_946
700 1 _aSabater de Macarrulla, Mercedes
_943939
700 1 _aOberti, Pablo
_954784
710 2 _aConsejo Nacional de Asuntos Urbanos (República Dominicana)
_954785
910 _aValidado. Control de calidad MFF
942 _2ddc
_cLBS1
999 _c27204
_d27204